Foreign-Born Population: Mexico Quiz Stats

 Plays Quiz Updated Oct 9, 2018

Support Sporcle.
Go Orange.
Score 0/20 Timer 05:00
9 Plays Today
Foreign-Born Population Country % Correct
738,103United States
99.3%
7,943Canada
92.9%
4,532Brazil
91.7%
18,873Spain
89.4%
13,696Argentina
87.9%
5,267Chile
82.5%
12,108Cuba
81.2%
13,922Colombia
79.5%
7,163France
79.1%
6,655China
78.7%
Foreign-Born Population Country % Correct
5,886Peru
78.7%
10,063Venezuela
74.4%
6,214Germany
73.9%
35,322Guatemala
72.8%
10,991Honduras
72.5%
8,088El Salvador
68.1%
3,572Nicaragua
66.2%
4,964Italy
66.1%
4,912Japan
64.4%
3,960South Korea
36.6%

You're not logged in!

Compare scores with friends on all Sporcle quizzes.
OR
Log In

From the Vault

Closest Countries to Mauritius

by Balaitous

There doesn't appear to be much in the way of neighbors.
Remove Ads.
Support Sporcle.
Get the best of Sporcle when you Go Orange. This ad-free experience offers more features, more stats, and more fun while also helping to support Sporcle. Thank you for becoming a member.

Show Comments

Extras

Top Quizzes Today


Score Distribution

Your Account Isn't Verified!

In order to create a playlist on Sporcle, you need to verify the email address you used during registration. Go to your Sporcle Settings to finish the process.

Report this User

Report this user for behavior that violates our Community Guidelines.

Details: